|
|
|
|
| LEADER |
00000cam a2200000 7i4500 |
| 001 |
0000003868 |
| 005 |
20110802.0 |
| 020 |
0 |
0 |
|a 085199727
|
| 090 |
0 |
0 |
|a 632.62570913
|b MICH 2005
|
| 245 |
1 |
0 |
|a Plant parasitic nematodes in subtropical and tropical agriculture
|c edited by M.Luc, R.A.Sikora & J.Bridge
|
| 250 |
0 |
0 |
|a Second edition
|
| 260 |
0 |
0 |
|a Walingford :
|b CABI Publishing ,
|c 2005
|
| 300 |
|
|
|a xxi, 871 p. :
|b ill. ;
|c 25 cm.
|
| 504 |
0 |
0 |
|a Includes bibliographical references and index
|
| 650 |
0 |
0 |
|a Plants nematodes---tropics
|
| 700 |
0 |
1 |
|a Bridge, John
|
| 700 |
0 |
1 |
|a Luc, Micheal
|
| 700 |
0 |
1 |
|a Sikora, Richard
|
| 998 |
|
|
|a JPSM
|
| 999 |
|
|
|a 007400
|b Monograph
|c Open Shelf
|e Default branch
|